| 000 | 01234nam a2200349Ic 4500 | ||
|---|---|---|---|
| 001 | 60862 | ||
| 003 | CO-BoRNBP | ||
| 005 | 20260413203409.0 | ||
| 007 | ta | ||
| 008 | 210813s2017 sp a er 000 0dspa d | ||
| 020 | _a9788416776726 | ||
| 040 |
_aCO-BoRNBP _bspa _erda _cCO-BoRNBP |
||
| 041 | 0 | _aspa | |
| 082 | 0 | 4 |
_a909 _bT17g _222 |
| 100 | 1 | 0 |
_aTaranilla de la Varga, Carlos Javier _eaut _969634 |
| 245 | 1 | 0 |
_aGrandes enigmas y misterios de la historia / _cCarlos J. Taranilla de la Varga. |
| 250 | _aPrimera edición | ||
| 264 | 1 |
_a[Madrid, España] : _bAlmuzara, _c2017 |
|
| 300 |
_a366 páginas : _bilustraciones, fotografías en blanco y negro |
||
| 336 |
_atexto _btxt _2rdacontent |
||
| 337 |
_asin mediación _bn _2rdamedia |
||
| 338 |
_avolumen _bnc _2rdacarrier |
||
| 490 | 0 | _aHistoria | |
| 521 | _aRecomendado para un público adulto | ||
| 545 | _aIncluye datos biográficos del autor en la solapa | ||
| 650 | 1 | 7 |
_aArte _vCuriosidades y enigmas _2lemb _969635 |
| 650 | 1 | 7 |
_aReligión _vCuriosidades y enigmas _2lemb _969636 |
| 650 | 0 | 7 |
_aTecnología _vCuriosidades y enigmas _2lemb _969637 |
| 650 | 1 | 7 |
_aHistoria _vCuriosidades y enigmas _2lemb _969527 |
| 650 | 1 | 7 |
_aCivilización _xHistoria _2lemb _961929 |
| 942 |
_2ddc _cBK |
||
| 999 |
_c60862 _d60862 |
||